[Event "45th Olympiad 2024"]
[Site "Budapest HUN"]
[Date "2024.09.18"]
[Round "7.26"]
[Board "1"]
[White "Kuybokarov, Temur"]
[Black "Henderson de La Fuente, Lance"]
[Result "0-1"]
[WhiteElo "2562"]
[BlackElo "2519"]
[PlyCount "96"]
[EventDate "2024.09.11"]
[WhiteTeam "Australia"]
[BlackTeam "Andorra"]
[WhiteTeamCountry "AUS"]
[BlackTeamCountry "AND"]

1. e4 e5 2. Nf3 Nc6 3. Bb5 Nf6 4. O-O Nxe4 5. d4 Nd6 6. Bxc6 dxc6 7. dxe5 Nf5 8. Qxd8+ Kxd8 9. Nc3 Ne7 10. h3 Ng6 11. Bg5+ Ke8 12. Rad1 Be6 13. Nd4 Bc4 14. Rfe1 h6 15. Bc1 Bb4 $146 ({RR} 15... Rd8 16. b3 Bd5 17. Nxd5 cxd5 18. e6 c6 19. Bb2 f6 20. Nf5 Ne7 21. g4 h5 22. Ng3 hxg4 23. hxg4 Rh6 24. f3 c5 25. Bc1 Rh7 26. c4 d4 27. Kg2 b6 28. Nh5 Ng6 29. Rh1 Ke7 30. f4 {1-0 Kuybokarov,T (2549)-Deac,B (2639) Online Olym Div Top-A rapid 2021 (5.2)}) ({RR} 15... Rd8 16. a3 a6 17. b3 Bd5 18. e6 Be7 19. Nxd5 Rxd5 20. c4 Rd8 21. Nf5 Rxd1 22. Rxd1 Bf6 23. exf7+ Kxf7 24. Ng3 Rd8 {½-½ Groszpeter,A (2530)-Fodor,T (2420) Zalakaros op 29th 2010 (3)}) 16. Bd2 Rd8 17. Nf5 Bf8 18. Ne4 Be6 19. Nfg3 h5 20. Ng5 Be7 21. Nxe6 fxe6 22. Ne4 Rf8 23. Bc3 Rd5 24. f3 h4 25. Kf1 b5 26. Bd4 a5 27. a4 Bb4 28. c3 Be7 29. Nf2 bxa4 30. Ra1 a3 31. bxa3 c5 32. Be3 Nxe5 33. Rab1 Kd7 34. Rb5 c4 35. Rd1 Kc6 36. Rdxd5 exd5 37. Rxa5 Rb8 38. Bd4 Nd3 39. Ng4 Rb1+ 40. Ke2 Rb2+ 41. Kf1 Bd6 42. Ra8 Bg3 43. Be3 Rc2 44. a4 Rxc3 45. a5 Ra3 46. Bd4 c3 47. Ne3 Ra1+ 48. Ke2 Nf4# 0-1

[Event "45th Olympiad 2024"]
[Site "Budapest HUN"]
[Date "2024.09.18"]
[Round "7.26"]
[Board "2"]
[White "Fluvia Poyatos, Jordi"]
[Black "Sardana, Rishi"]
[Result "1/2-1/2"]
[WhiteElo "2438"]
[BlackElo "2477"]
[PlyCount "140"]
[EventDate "2024.09.11"]
[WhiteTeam "Andorra"]
[BlackTeam "Australia"]
[WhiteTeamCountry "AND"]
[BlackTeamCountry "AUS"]

1. e4 c5 2. Nf3 d6 3. d4 cxd4 4. Nxd4 Nf6 5. Nc3 a6 6. h3 e5 7. Nde2 h5 8. g3 Be7 9. Bg2 b5 10. O-O Nbd7 11. a3 Bb7 12. Bg5 Rc8 13. Qd2 O-O 14. Rfd1 Qc7 15. Rac1 Nb6 $146 ({RR} 15... Rfd8 16. Bxf6 Nxf6 17. Nd5 Bxd5 18. exd5 h4 19. g4 Nh7 20. f4 exf4 21. Nd4 Bf6 22. Kh1 f3 23. Bxf3 Bg5 24. Qf2 Bxc1 25. Rxc1 Qe7 26. Nc6 Qg5 27. Rf1 Re8 28. Bg2 Nf6 29. c3 Re3 30. Nd4 {0-1 Awoki,D (2057)-Bittencourt,J (2431) Florianopolis op 4th 2018 (6)}) 16. b3 Rfd8 17. Qe1 Bc6 18. Be3 Qb7 19. f4 d5 20. fxe5 Nxe4 21. Nd4 Bxa3 22. Nxe4 dxe4 23. Nxc6 Qxc6 24. Rxd8+ Rxd8 25. Ra1 Bf8 26. Bf2 Nd5 27. Qxe4 Qe6 28. Qh4 Qxe5 29. Re1 Qc7 30. Qxh5 Nf6 31. Qf5 Rd2 32. Ra1 a5 33. c4 bxc4 34. bxc4 Qxc4 35. Rxa5 Qc1+ 36. Kh2 Qb2 37. Kg1 Rd8 38. Kh2 g6 39. Qf3 Ne4 40. Qxe4 Qxf2 41. Rd5 Rc8 42. Rd3 Rc1 43. h4 Re1 44. Qf3 Qg1+ 45. Kh3 Qb6 46. Qd5 Qc7 47. Qb7 Qe5 48. Qd5 Qe2 49. Rf3 Qe7 50. Qc4 Qd7+ 51. Kh2 Re5 52. Rd3 Qe7 53. Qc6 Re2 54. Qd5 Qe8 55. Rf3 Re5 56. Qc4 Bc5 57. Rd3 Bf8 58. Qc6 Qxc6 59. Bxc6 Re6 60. Bd5 Re2+ 61. Kh3 Kg7 62. Bf3 Re5 63. Kg2 Bc5 64. Rd5 Rxd5 65. Bxd5 f5 66. Kf3 Kf6 67. g4 fxg4+ 68. Kxg4 Bf2 69. Be4 Be1 70. Bxg6 Kxg6 1/2-1/2

[Event "45th Olympiad 2024"]
[Site "Budapest HUN"]
[Date "2024.09.18"]
[Round "7.26"]
[Board "3"]
[White "Zhao, Zong-Yuan"]
[Black "De La Riva Aguado, Oscar"]
[Result "1/2-1/2"]
[WhiteElo "2478"]
[BlackElo "2431"]
[PlyCount "68"]
[EventDate "2024.09.11"]
[WhiteTeam "Australia"]
[BlackTeam "Andorra"]
[WhiteTeamCountry "AUS"]
[BlackTeamCountry "AND"]

1. d4 {Stohl,Igor} Nf6 2. c4 g6 3. Nc3 Bg7 4. e4 d6 5. h3 O-O 6. Be3 ({RR} 6. Nf3) ({RR} 6. Bg5 c6 7. Nf3 d5 8. cxd5 ({RR} 8. exd5 cxd5 9. Bxf6 exf6 10. Nxd5 f5) 8... cxd5 9. Bxf6 exf6 10. exd5 b6 11. Be2 Na6 12. O-O Nc7 13. Qb3 Bb7 14. Bc4 Rb8 15. a4 a6 16. Rfe1 b5 17. axb5 axb5 18. Bd3 b4 19. Ne4 f5 20. Ned2 Nxd5) 6... Nc6 ({RR} 6... e5 7. d5 Na6 ({RR} 7... a5 8. g4 Na6 9. Nge2 Nd7 10. Qd2 ({RR} 10. Ng3 Ndc5 ({RR} 10... Bf6) ({RR} 10... Qh4) 11. h4) 10... Ndc5 11. Ng3 c6 12. Be2 cxd5 13. cxd5 ({RR} 13. exd5 f5 14. gxf5 Bxf5 15. Nxf5 gxf5 16. O-O-O Kh8 17. Rhg1 f4 18. Bxc5 Nxc5 19. Qc2 e4 20. Nxe4 Nxe4 21. Qxe4 Qf6 22. Rd2 f3 23. Bd3 Qh6) 13... a4 14. h4 Bd7 15. h5 Rc8 16. Kf1 a3 17. b3 Qa5 18. Rc1 f6 19. Kg2 Nb4 20. hxg6 hxg6 21. Bh6 Rf7 22. Rh2 {RR} Re8) 8. g4 ({RR} 8. Nf3 Nh5 9. a3 ({RR} 9. Nh2 Qe8 10. Be2 Nf4 ({RR} 10... f5)) 9... f5 10. b4 Nb8 11. Qb3 ({RR} 11. c5) 11... Nd7 12. c5 Qe7 13. Rd1 Ndf6 14. Bg5 b6 15. Nd2 h6 16. Bxf6 Bxf6 17. Bc4 Kh7 18. cxd6 cxd6 19. O-O Bd7 20. Ba6 Rf7 21. Rfe1 Rg8 22. Rc1 Bg5) 8... Nc5 9. f3 c6 ({RR} 9... Ne8 10. Qd2 f5 11. exf5 gxf5 12. O-O-O) ({RR} 9... h5 10. Qd2 ({RR} 10. g5 Nh7 ({RR} 10... Nfd7 11. b4 Na6 12. a3 Nab8 13. h4 a5 14. Rb1 Na6 15. Kf2 Qe8 16. Kg2 axb4 17. axb4 Qe7 18. Qd2 c5 19. dxc6 bxc6 20. b5 cxb5 21. cxb5 Nac5 22. Nd5) 11. h4 f6 12. Qd2 fxg5 13. hxg5 Rf4) 10... Nh7 11. O-O-O h4 12. Bd3 Nxd3+ 13. Qxd3 f5 14. Rh2 Kh8 15. Rg2 Bd7 16. exf5 gxf5 17. g5 f4 18. Bf2 Qe8 19. Ne4 Bf5 20. Bxh4 Qh5 21. Bf2 Bxe4 22. fxe4 Nxg5 23. Rg4 Nh7 24. Nf3) 10. Qd2 cxd5 11. cxd5 Bd7 12. Nge2 h5 13. Nc1 ({RR} 13. Rg1) 13... Rc8 14. Nb3 Nxb3 15. axb3 a6 16. Bd3 Nh7 17. O-O-O h4 18. Kb1 Bf6 19. f4 exf4 20. Bxf4 Re8 21. Rhf1) ({RR} 6... c5 7. d5 ({RR} 7. dxc5 Qa5 8. Bd3 dxc5 9. e5 Nfd7 10. f4 Rd8 ({RR} 10... f6) 11. Nf3 ({RR} 11. Qe2 Nc6 12. Nf3 Nd4 13. Nxd4 Nxe5 14. fxe5 cxd4 15. Bd2 dxc3 16. Bxc3 Qb6 17. O-O-O Be6) 11... Nxe5 ({RR} 11... Nc6 12. Qb1 ({RR} 12. O-O Nb4) 12... Nb6 13. O-O Nb4 14. Be2 Bf5 15. Ne4 Qa4 16. b3 Qc6 17. Nfg5 h6 18. g4) 12. Nxe5 Bxe5 13. fxe5 Bf5 14. O-O Rxd3 ({RR} 14... Bxd3 15. e6 f5 16. Nd5 Bxf1 17. Nxe7+ Kf8 18. Qf3) 15. Qe2 Rxc3 16. bxc3 Nc6 ({RR} 16... Be6 17. Rab1 Qc7 18. Rf4 Nd7 19. Qf3 Rb8 20. Rh4 Qxe5 21. Re4 Qxc3 22. Bf4 Qxf3 23. gxf3) 17. Rxf5 gxf5 18. Rf1 Qxc3 19. Rxf5 Nxe5) ({RR} 7. Nf3 Qa5 ({RR} 7... cxd4 8. Nxd4 Nc6 9. Be2 Nxd4 10. Bxd4 Bd7 11. O-O a5 12. Qc2 Bc6 13. Rad1 Nd7 14. Bxg7 Kxg7 15. Bg4 Ne5 16. c5 Nxg4 17. hxg4 Qc8 18. cxd6 Qxg4 19. dxe7 Rfe8 20. Nd5 Bxd5 21. Qc3+ Kg8 22. exd5) 8. Bd3 ({RR} 8. Nd2 cxd4 9. Nb3 Qxc3+ 10. bxc3 dxe3 11. f3 Nh5 12. Qc1 Bh6 13. g4 Nf4 14. Kd1 Ne6 15. Kc2 Nc6 16. h4 Bf4 17. Qd1 Ne5 18. Nc1 Bd7 19. a4 Rac8 20. Ne2 Bh6 21. g5 Bg7 22. Bh3 Nxf3) 8... Nfd7 9. O-O Nc6 10. Be2 cxd4 11. Nxd4 Nxd4 12. Bxd4 Bxd4 13. Qxd4 Ne5 14. Rad1 Be6 15. b3 a6 16. Qe3 ({RR} 16. f4 Nc6 17. Qd2) 16... b5 17. f4 b4 18. Nd5 ({RR} 18. Na4 Nxc4) 18... Nc6 19. Bf3) 7... e6 8. Bd3 exd5 ({RR} 8... Na6 9. Nf3 Re8 10. O-O Nc7 11. a4 Na6 12. Nd2 ({RR} 12. Rc1 Nb4 13. Bb1) 12... Nb4 13. Be2 b6 14. Qb3 a6 15. Rae1 Ra7 16. Qd1 Rae7 17. Qb1 Qc7 18. Bf4 e5 19. Be3 Nd7 20. Bg4 Rf8 21. Kh1 Ree8 22. Be2 Qd8 23. Nf3) 9. exd5 ({RR} 9. cxd5 b5 10. Nxb5 Re8 11. Nc3 Nxe4 12. Nxe4 f5) 9... Na6 ({RR} 9... Re8 10. Nf3 Bh6 11. O-O) 10. Nf3 Nb4 ({RR} 10... Bf5 11. Bxf5 gxf5 12. O-O Ne4 13. Nxe4 fxe4 14. Ng5 Qe7 15. Qg4 f5 16. Qh5 Bxb2 17. Rab1 Be5 18. Ne6 Rf7 19. f4 Bh8 20. g4) 11. Be2 ({RR} 11. Bb1 b5 12. a3 ({RR} 12. Nxb5 Ba6 13. a4 Nfxd5) 12... Qa5 13. O-O bxc4) 11... Bf5 12. Rc1 Ne4 ({RR} 12... Qa5 13. Qd2 Ne4 14. Nxe4 Bxe4 15. a3 Bxb2 16. axb4 Qxb4 17. Qxb4 cxb4 18. Rd1 Bc2 19. Rd2 Bc3 20. Bd4 Bxd2+ 21. Kxd2) ({RR} 12... Re8 13. a3 Na6) 13. g4 Nxc3 14. bxc3 Nxa2 15. gxf5 Nxc1 16. Qxc1 Qf6 17. fxg6 Qxc3+ 18. Qxc3 Bxc3+ 19. Kd1 hxg6 20. Kc2 Bg7 21. Rb1) ({RR} 6... c6 7. Nf3 d5 8. e5 Ne4 9. Qb3) 7. d5 ({RR} 7. Nf3 e5 8. d5 Nd4 9. Nxd4 exd4 10. Bxd4 Nxe4 11. Nxe4 ({RR} 11. Bxg7 Re8) 11... Qh4 12. g4 Re8 13. Bg2 Bf5 14. O-O Bxe4 15. Bxg7 Bxg2 16. Kxg2 Kxg7 17. Qd4+ Qf6 18. Qxf6+ Kxf6 19. Rfe1) 7... Ne5 ({RR} 7... Nb4 8. a3 ({RR} 8. Nf3 c6 ({RR} 8... e6) 9. Be2 Nd7 10. O-O Qc7 11. Bd4 Ne5 12. Nxe5 Bxe5 13. Bxe5 dxe5 14. a3 Na6 15. b4 c5 16. Rb1 Qd8 17. Qd2 Bd7 18. Qe3 Rc8 19. b5 Nc7 20. f4 exf4 21. Qxf4 Ne8 22. e5) 8... Na6 9. Bd3 e6 ({RR} 9... Nd7 10. Nf3 Nac5 11. Bc2 Nb6 12. Qe2 Bxc3+ 13. bxc3 Nba4 14. Bh6 Re8 15. e5 e6 16. Bg5 Qd7 17. Bf6 exd5 18. Qd2 Qe6 19. O-O dxe5 20. Bxe5 f6 21. cxd5 Qf7 22. Bd4 Qxd5 23. c4 Qf7 24. Rfe1) 10. Nge2 Nc5 ({RR} 10... Re8 11. b4) 11. Bc2 exd5 12. cxd5 Re8 13. f3 Nh5 14. g4 Nf6 15. Nd4 a5 16. Qd2 Bd7 17. O-O-O ({RR} 17. O-O) 17... Rb8 18. h4 b5 19. b4 axb4 20. axb4 Na6 21. Na2) ({RR} 7... Nb8 8. Nf3 c6 9. Bd3 e6 10. dxe6 Bxe6 11. O-O Nbd7 12. Ng5 Re8 13. Qd2 Qe7 14. Rfe1 Ne5 15. b3 a6 16. Bc2 Bc8 17. f4 Ned7 18. Rad1 h6 19. Nf3 Nh7 20. Ne2) 8. f4 ({RR} 8. Qd2 e6 9. f4 Ned7 10. dxe6 fxe6 11. g4 b5 12. cxb5 Bb7 ({RR} 12... a6 13. Nf3 axb5 14. Bxb5 Bb7 15. Qc2 d5 16. e5 d4 17. Nxd4 Bxh1 18. Nxe6 Qe7 19. Bc4 Kh8 20. O-O-O Bb7 21. Nxg7 Nb6 22. Bb3) 13. Bg2 ({RR} 13. Bd3 d5) 13... a6 14. bxa6 Rxa6) ({RR} 8. Be2 e6 9. Nf3 Nxf3+ 10. Bxf3 Nd7) 8... Ned7 9. g4 ({RR} 9. Bd3 e5 10. dxe6 ({RR} 10. f5 gxf5 11. exf5 e4) 10... fxe6 11. Nge2 b6 12. O-O Qe7 13. Qd2 Bb7 14. Bc2 Nc5 15. Ng3 a5 16. Rae1 Nfd7 17. b3 Qh4 18. Nge2 Nf6 19. Bf2 Qh6) 9... c6 ({RR} 9... e5 10. f5 Nc5 11. Qc2 gxf5 12. exf5 h6 13. O-O-O) ({RR} 9... e6 10. dxe6 fxe6 11. Bg2) 10. Nge2 cxd5 11. cxd5 b6 12. Nd4 Nc5 13. Qf3 ({RR} 13. Bg2 Ba6) ({RR} 13. Qc2 Ncxe4 ({RR} 13... e6) ({RR} 13... Bb7 14. Bg2 e6 15. O-O exd5 16. exd5 Re8 17. Bf2 Qd7 18. Rfe1 Na6 19. Nc6 Nc7 20. Rad1 Rxe1+ 21. Rxe1 Re8 22. Rxe8+ Qxe8 23. b4 a6 24. a4 b5 25. axb5 axb5 26. Qd3 Ncxd5) 14. Nxe4 ({RR} 14. g5 Nxc3 15. gxf6 Nxd5 16. fxg7 Re8) 14... Nxd5) ({RR} 13. Nc6 Qe8 14. Bg2 Ba6 15. Bxc5 bxc5 16. Qd2) ({RR} 13. Qc2 Bb7 14. Bg2 Rc8 15. O-O Qd7 16. g5 Nh5 17. b4 Nxe4 18. Bxe4 Qxh3 19. Qd3 Qg3+ 20. Kh1 Qh3+ 21. Kg1 Qg3+ 22. Kh1 Qh4+ 23. Kg2 Qg4+ 24. Kh2 e5 25. Nc6 Bxc6 26. dxc6 Qg3+ 27. Kh1 exf4 {0-1 Cernousek,L (2454)-Mladek,R (2369) TCh-CZE 1 Liga Zapad 2023 (5.1)}) 13... Bb7 ({RR} 13... Ncxe4 14. g5 Nxc3 15. gxf6 Bxf6 16. bxc3) ({RR} 13... e6 14. g5 Nh5 15. O-O-O exd5 16. exd5 ({RR} 16. Nxd5 Bb7) 16... f6) 14. O-O-O $146 ({RR} 14. g5 Nfxe4 ({RR} 14... Nh5 15. f5 Be5 ({RR} 15... Rc8)) 15. Nxe4 Bxd5 16. Nf6+ exf6 17. Qxd5 Re8 18. Nc2 ({RR} 18. Qf3 fxg5 ({RR} 18... Qe7 19. Nc2 fxg5 20. O-O-O Qf6 21. Bd4 Qxf4+ 22. Qxf4 gxf4 23. Bb5) 19. O-O-O gxf4 20. Qxf4 Re4 21. Qf3) 18... fxg5 19. O-O-O gxf4 20. Bd4 ({RR} 20. Bxf4 Qf6 21. Qd4 Qf5 22. Qxd6 ({RR} 22. Qd2 Na4) 22... Ne4) 20... Bxd4 21. Qxd4 Ne6 ({RR} 21... Qh4) 22. Qd2 ({RR} 22. Qxd6 Qf6) 22... Qf6 23. Kb1 Rac8 24. Bb5 Red8 25. Nb4 d5 26. Rhf1 ({RR} 26. Nxd5 Qf5+ 27. Ka1 Rxd5 28. Qxd5 Rc1+) ({RR} 26. h4) 26... Rc5 27. a4 d4 28. Nd3 Rf5 {1-0 Caruana,F (2822)-Firouzja,A (2723) Tata Steel-A 82nd 2020 (10)}) 14... e6 15. Nc6 Qd7 16. Bxc5 bxc5 17. Bb5 a6 18. Ba4 Qc7 19. h4 Bxc6 20. Bxc6 Rab8 21. h5 Rb4 22. hxg6 fxg6 23. Qh3 Rfb8 24. e5 dxe5 25. g5 Nh5 26. Qxe6+ Kh8 27. f5 Rxb2 28. f6 Bf8 29. f7 e4 30. d6 Qa5 31. Qe5+ Bg7 32. Qe8+ Bf8 33. Qe5+ Bg7 34. Qe8+ Bf8 1/2-1/2

[Event "45th Olympiad 2024"]
[Site "Budapest HUN"]
[Date "2024.09.18"]
[Round "7.26"]
[Board "4"]
[White "Ribera Veganzones, Serni"]
[Black "Smerdon, David C"]
[Result "1/2-1/2"]
[WhiteElo "2309"]
[BlackElo "2475"]
[PlyCount "19"]
[EventDate "2024.09.11"]
[WhiteTeam "Andorra"]
[BlackTeam "Australia"]
[WhiteTeamCountry "AND"]
[BlackTeamCountry "AUS"]

1. e4 c5 2. Nf3 Nc6 3. d4 cxd4 4. Nxd4 g6 5. c4 Bg7 6. Be3 Qb6 $146 ({RR} 6... e6 7. Be2 Nge7 8. Nc3 a6 9. O-O O-O 10. Qd2 Re8 11. f4 d6 12. Rad1 d5 13. cxd5 exd5 14. e5 Nxd4 15. Bxd4 Be6 16. Bf3 Qa5 17. Qf2 Qd8 18. Bc5 Bf8 19. Bd6 Rc8 20. Nxd5 Nxd5 21. Bxd5 {1-0 Halasz,M-Lajcak,S Bratislava Slovan op 1991 (6)}) ({RR} 6... Nxd4 7. Bxd4 e5 8. Be3 Ne7 9. Nc3 f5 10. Bg5 h6 11. Bxe7 Qxe7 12. exf5 O-O 13. fxg6 Qf6 14. Qc2 e4 15. Nxe4 Qxg6 16. Bd3 d5 17. cxd5 Bf5 18. O-O Rac8 19. Qe2 Bd4 20. Kh1 Bxb2 21. Qxb2 {0-1 Djellouli,H (2080)-Sohier,R (1940) FRA-chT4 0506 2005 (5)}) 7. Nb3 Qd8 8. Nd4 Qb6 9. Nb3 Qd8 10. Nd4 1/2-1/2

[Event "45th Olympiad 2024"]
[Site "Budapest HUN"]
[Date "2024.09.18"]
[Round "7.27"]
[Board "1"]
[White "Bogner, Sebastian"]
[Black "Romanov, Evgeny"]
[Result "0-1"]
[WhiteElo "2545"]
[BlackElo "2567"]
[PlyCount "154"]
[EventDate "2024.09.11"]
[WhiteTeam "Switzerland"]
[BlackTeam "North Macedonia"]
[WhiteTeamCountry "SUI"]

1. e4 e5 2. Nf3 Nc6 3. Bc4 Nf6 4. d3 Be7 5. O-O O-O 6. a4 d5 7. exd5 Nxd5 8. Re1 Bg4 9. Nbd2 ({RR} 9. h3 Bxf3 10. Qxf3 Nb6 11. Nd2 Nxc4 12. Nxc4 f6 13. c3 a5 14. Qg3 Qd7 15. Bh6 Rf7 16. Rad1 Bf8 17. Be3 Re8 18. f4 b6 19. b3 Rfe7 20. fxe5 Nxe5 21. Nxe5 Rxe5 22. Bf4 Rxe1+ 23. Rxe1 Rxe1+ {½-½ Yakubboev,N (2620)-Aronian,L (2775) Olympiad-44 Chennai 2022 (4.2)}) 9... Nb6 10. Bb3 ({RR} 10. Ba2 a5 11. h3 Bh5 12. Ne4 Kh8 13. Ng3 Bg6 14. Nxe5 Nxe5 15. Rxe5 Bf6 16. Re1 Nxa4 17. Qg4 b5 18. f4 Bd4+ 19. Kh2 f5 20. Qf3 Nxb2 21. Rb1 Na4 22. Ne2 Bc3 23. Rf1 Bb4 24. c3 Nxc3 {0-1 Ramaj,E (2181)-Priasmoro,N (2503) 13th Split Open 2024 (10.7)}) 10... Nd7 $146 ({RR} 10... Bd6 11. h3 Bh5 12. c3 Be7 13. a5 Nd5 14. a6 b6 15. g4 Bg6 16. Nxe5 Nxe5 17. Rxe5 Nf4 18. d4 Nxh3+ 19. Kg2 Nf4+ 20. Kg3 Ne6 21. Nf3 Bd6 22. Qe2 Bxe5+ 23. Nxe5 c5 24. f4 cxd4 25. f5 {0-1 Rees,I (2293)-Marin,S (2265) Titled Tue 6th Jun Late 2023 (3)}) 11. h3 Bh5 12. Bd5 Nb4 13. Bc4 Bd6 14. c3 Nc6 15. b4 a5 16. b5 Ne7 17. Ne4 Kh8 18. Ng3 Bg6 19. Nh4 c6 20. Nxg6+ Nxg6 21. bxc6 bxc6 22. Nf5 Bc5 23. Qg4 Nf6 24. Qf3 Nd5 25. d4 exd4 26. cxd4 Bb4 27. Re4 Qd7 28. h4 Rae8 29. h5 Rxe4 30. Qxe4 Re8 31. Qg4 Re1+ 32. Bf1 Nde7 33. hxg6 Nxf5 34. Bb2 Rxa1 35. Bxa1 hxg6 36. Qe4 Kg8 37. g3 Ne7 38. Bc4 Nd5 39. Bb2 g5 40. Kg2 g4 41. Kf1 Nf6 42. Qe5 Qb7 43. Bc1 Bc3 44. Qe3 Qb4 45. Qd3 Nd5 46. Bxd5 cxd5 47. Be3 g6 48. Qd1 f5 49. Kg2 Kf7 50. Qd3 Qc4 51. Qd1 Bb4 52. Qh1 Bf8 53. Qh4 Qxa4 54. Qd8 Qb5 55. Bg5 Bg7 56. Qe7+ Kg8 57. Bf6 Bxf6 58. Qxf6 Qe8 59. Kf1 a4 60. Qd6 Qf7 61. Qc6 a3 62. Qa8+ Qf8 63. Qxd5+ Kg7 64. Qa5 Qd6 65. Qa4 g5 66. Kg1 f4 67. Kh2 Kf6 68. Qc4 Qb6 69. Qa4 fxg3+ 70. Kxg3 Qd6+ 71. Kg2 Qd5+ 72. Kg1 a2 73. Kh2 Qe6 74. Kg3 Kg6 75. Qa8 Qf7 76. Qa6+ Kh5 77. Qa7 Qxa7 0-1

[Event "45th Olympiad 2024"]
[Site "Budapest HUN"]
[Date "2024.09.18"]
[Round "7.27"]
[Board "2"]
[White "Lazov, Toni"]
[Black "Pelletier, Yannick"]
[Result "1-0"]
[WhiteElo "2360"]
[BlackElo "2526"]
[PlyCount "81"]
[EventDate "2024.09.11"]
[WhiteTeam "North Macedonia"]
[BlackTeam "Switzerland"]
[BlackTeamCountry "SUI"]

1. e4 e6 2. d4 d5 3. Bd3 c5 4. exd5 exd5 5. c3 cxd4 6. cxd4 Nc6 7. Nf3 ({RR} 7. Ne2 Bd6 8. Nbc3 Nge7 9. O-O O-O 10. Bf4 Bg4 11. f3 Bf5 12. Re1 Bxf4 13. Nxf4 Nxd4 14. Bxf5 Ndxf5 15. Nfxd5 Nxd5 16. Nxd5 Re8 17. Qd3 Ne3 18. Rxe3 Rxe3 19. Qxe3 Qxd5 {½-½ Blatny,P (2435)-Schmidt,W (2470) Poznan 1987}) 7... g6 $146 ({RR} 7... Bd6 8. O-O Nge7 9. Nc3 {½-½ Vahidi,M (2286)-Mousavian,S IRI-ch Teheran 2001 (7)}) ({RR} 7... Bd6 8. h3 Nf6 9. Nc3 h6 10. O-O O-O 11. Re1 Re8 12. Be3 Be6 13. Qd2 Qe7 14. Bf4 Bxf4 15. Qxf4 Rac8 16. Rac1 a6 17. Ne5 Nh5 18. Nxc6 bxc6 19. Qf3 Qg5 20. Ne2 Rb8 21. b3 Rb7 22. Rc2 {1-0 Rodriguez Lopez,D (2191)-Zaichenko,D (2104) Titled Tue 28th May Early 2024 (9)}) ({RR} 7... Bg4 8. O-O Bd6 9. Re1+ Nge7 10. Nc3 Bc7 11. Be3 a6 12. a3 Qd6 13. g3 Qd7 14. Rc1 O-O 15. Be2 f5 16. Nh4 Bxe2 17. Nxe2 f4 18. gxf4 Qh3 19. Ng2 g5 20. Qd2 Ng6 21. Rc3 Kh8 22. Kh1 {0-1 Gelabert Mari,L (2083)-Barcelo Pujadas,P (2249) ESP-ch 74th Palma de Mallorca 2009 (8)}) ({RR} 7... Nf6 8. a3 Bg4 9. Be2 Qb6 10. Nbd2 O-O-O 11. O-O Nxd4 12. Nxd4 Qxd4 13. Qc2+ Kb8 14. Nb3 Qb6 15. Bd3 Rc8 16. Bf4+ Bd6 17. Bxd6+ Qxd6 18. Qd2 Qb6 19. Qf4+ Ka8 20. Nd2 Qxb2 21. Rfb1 Qc3 22. Re1 {0-1 Rudolph,E (1545)-Kolb,V (1488) GER-chT U14 Girls 2015 (3.1)}) 8. Bg5 Nf6 9. O-O Bg7 10. Re1+ Be6 11. Qd2 O-O 12. Nc3 Qb6 13. Bc2 Qxb2 14. Rab1 Qa3 15. Rb3 Qd6 16. Rxb7 Na5 17. Bf4 Qa6 18. Re7 Nc4 19. Qc1 Rae8 20. Rxe8 Rxe8 21. Ng5 Bd7 22. Rxe8+ Bxe8 23. Bb3 Bc6 24. Qe1 h6 25. Nf3 Ne4 26. h4 Bb7 27. Nxe4 dxe4 28. Ne5 Nxe5 29. dxe5 Qc6 30. Qe3 h5 31. Qd2 e3 32. fxe3 Qe4 33. Bd1 Qd5 34. Qc2 Qc6 35. Qb2 Qd7 36. Bb3 Be4 37. Qd4 Qb7 38. Qd8+ Kh7 39. e6 fxe6 40. Bxe6 Qa8 41. Bb8 1-0

[Event "45th Olympiad 2024"]
[Site "Budapest HUN"]
[Date "2024.09.18"]
[Round "7.27"]
[Board "3"]
[White "Peng, Li Min"]
[Black "Risteski, Emil"]
[Result "1/2-1/2"]
[WhiteElo "2514"]
[BlackElo "2367"]
[PlyCount "65"]
[EventDate "2024.09.11"]
[WhiteTeam "Switzerland"]
[BlackTeam "North Macedonia"]
[WhiteTeamCountry "SUI"]

1. d4 Nf6 2. Nf3 e6 3. Bf4 d5 4. e3 c5 5. Nbd2 Nc6 6. c3 Nh5 7. Bg5 f6 8. Bh4 g6 9. Bd3 cxd4 10. cxd4 Be7 11. O-O O-O 12. a3 e5 13. dxe5 fxe5 14. Bxe7 Qxe7 15. e4 $146 ({RR} 15. Be2 Be6 16. b4 e4 17. Ne1 Qg5 18. Kh1 Rad8 19. b5 Ne5 20. Bxh5 gxh5 21. f4 exf3 22. Nexf3 Qg7 23. Nxe5 Rxf1+ 24. Qxf1 Qxe5 25. Nf3 Qxe3 26. Re1 Qh6 27. Qf2 Bg4 28. Ne5 Rf8 29. Qd4 Qe6 {1-0 Bluebaum,M (2647)-Willems,N (2348) TCh-FRA Top 16 Basse 2024 (1.18)}) 15... d4 16. Rc1 Nf4 17. Bc4+ Kh8 18. g3 Nh3+ 19. Kg2 Bg4 20. Qb3 Rf6 21. Ne1 Ng5 22. h4 Bh3+ 23. Kg1 Ne6 24. Bxe6 Bxe6 25. Qd3 Qg7 26. Kg2 Raf8 27. Nef3 Qd7 28. Ng1 h6 29. Ndf3 Bg4 30. Nh2 Be6 31. Nhf3 Bg4 32. Nh2 Be6 33. Nhf3 1/2-1/2

[Event "45th Olympiad 2024"]
[Site "Budapest HUN"]
[Date "2024.09.18"]
[Round "7.27"]
[Board "4"]
[White "Zlatkov, Anton"]
[Black "Georgiadis, Nico"]
[Result "0-1"]
[WhiteElo "2346"]
[BlackElo "2510"]
[PlyCount "80"]
[EventDate "2024.09.11"]
[WhiteTeam "North Macedonia"]
[BlackTeam "Switzerland"]
[BlackTeamCountry "SUI"]

1. e4 c5 2. Nf3 d6 3. d4 cxd4 4. Nxd4 Nf6 5. Nc3 a6 6. h3 g6 7. Be3 Bg7 8. Qd2 Nbd7 ({RR} 8... b5 9. Bh6 Bxh6 10. Qxh6 Bb7 11. O-O-O b4 12. e5 bxc3 13. exf6 Qa5 14. Bc4 Bd5 15. Bxd5 Qxd5 16. Rhe1 Qxa2 17. bxc3 e5 18. Qg7 Rf8 19. f4 Nd7 20. fxe5 O-O-O 21. e6 Nb6 22. Kd2 Nc4+ 23. Ke2 {0-1 Ehlvest,J (2536)-Nakamura,H (2792) Titled Tuesday intern op 4th July blitz 2017 (3)}) 9. f3 h5 $146 ({RR} 9... Qc7 10. a4 O-O 11. Be2 d5 12. exd5 Nb6 13. Bf4 Qd8 14. d6 Nfd5 15. Nxd5 Nxd5 16. O-O-O Nxf4 17. Qxf4 e5 {0-1 Domin,Y (2088)-Zemlyanskii,I (2549) Titled Tue 11th Jun Early 2024 (5)}) ({RR} 9... b5 10. a4 b4 11. Na2 a5 12. Bb5 Bb7 13. O-O O-O 14. Nc6 Bxc6 15. Bxc6 Rc8 16. Bb5 d5 17. c3 bxc3 18. Nxc3 Nb6 19. Rfd1 e6 20. Rac1 Nc4 21. Bxc4 Rxc4 22. b3 Rc8 23. exd5 Nxd5 24. Nxd5 {½-½ Pingin,A (2409)-Zemlyanskii,I (2530) ch-RUS Junior 2024 (2.3)}) 10. a4 b6 11. Be2 Bb7 12. O-O-O b5 13. g4 b4 14. Na2 a5 15. g5 Nh7 16. Bb5 Qc7 17. Kb1 O-O 18. Rhg1 Rfd8 19. c4 Nhf8 20. Nc1 Nc5 21. b3 Rac8 22. Rde1 e6 23. Ka2 Nfd7 24. Bxd7 Qxd7 25. Nb5 d5 26. cxd5 exd5 27. e5 d4 28. Bxd4 Qd5 29. Rd1 Ne6 30. f4 Ba6 31. Ne2 Bxb5 32. axb5 a4 33. Qe3 Qxb5 34. Kb1 axb3 35. Rd2 Rc2 36. Rc1 Rxd2 37. Qxd2 Qd5 38. Rd1 Bf8 39. Kb2 Bc5 40. Be3 Qe4 0-1